Memoria/ (Record no. 2406)
[ view plain ]
| 000 -LEADER | |
|---|---|
| campo de control de longitud fija | 00710nam a22001937a 4500 |
| 003 - IDENTIFICADOR DE NÚMERO DE CONTROL | |
| campo de control | OSt |
| 005 - FECHA Y HORA DE LA ÚLTIMA TRANSACCIÓN | |
| campo de control | 20221028190738.0 |
| 008 - DATOS DE LONGITUD FIJA--INFORMACIÓN GENERAL | |
| campo de control de longitud fija | 221021b |||||||| |||| 00| 0 eng d |
| 040 ## - FUENTE DE CATALOGACIÓN | |
| Centro/agencia transcriptor | Biblioteca LadoV |
| 082 ## - NÚMERO DE LA CLASIFICACIÓN DECIMAL DEWEY | |
| Número de clasificación | 700.74 |
| Número de ítem | SZ997 |
| 100 ## - ENTRADA PRINCIPAL--NOMBRE DE PERSONA | |
| 9 (RLIN) | 240 |
| Nombre de persona | Szeemann, Harald |
| Término indicativo de función/relación | curador |
| 245 ## - MENCIÓN DEL TÍTULO | |
| Título | Memoria/ |
| Resto del título | I Bienal Internacional de Arte Contemporáneo de Sevilla/ |
| 260 ## - PUBLICACIÓN, DISTRIBUCIÓN, ETC. | |
| Lugar de publicación, distribución, etc. | Honduras |
| Fecha de publicación, distribución, etc. | 2004 |
| Nombre del editor, distribuidor, etc. | Monasterio de la Cartuja de Santa Maria de las Cuevas |
| 300 ## - DESCRIPCIÓN FÍSICA | |
| Extensión | 104p. |
| Dimensiones | 21x30cm |
| 650 ## - PUNTO DE ACCESO ADICIONAL DE MATERIA--TÉRMINO DE MATERIA | |
| Fuente del encabezamiento o término | Tesauro de Arte & Arquitectura |
| Término de materia o nombre geográfico como elemento de entrada | BIENAL |
| 650 ## - PUNTO DE ACCESO ADICIONAL DE MATERIA--TÉRMINO DE MATERIA | |
| Fuente del encabezamiento o término | Tesauro de Arte & Arquitectura |
| Término de materia o nombre geográfico como elemento de entrada | ARTE CONTEMPORANEO |
| 650 ## - PUNTO DE ACCESO ADICIONAL DE MATERIA--TÉRMINO DE MATERIA | |
| Fuente del encabezamiento o término | Tesauro de Arte & Arquitectura |
| Término de materia o nombre geográfico como elemento de entrada | ESPANA |
| 942 ## - ELEMENTOS DE ENTRADA SECUNDARIOS (KOHA) | |
| Fuente del sistema de clasificación o colocación | Clasificación Decimal Dewey |
| Tipo de ítem Koha | Libros |
| Parte de la signatura que corresponde a la clasificación (Parte de la clasificación) | 700.74 |
| Parte de la signatura que identifica el ejemplar (Parte del ítem) | SZ997m |
| Suprimir en OPAC | No |
| Estatus retirado | Estado de pérdida | Fuente del sistema de clasificación o colocación | Estado de daño | No para préstamo | Biblioteca de origen | Biblioteca actual | Fecha de adquisición | Número de inventario | Total de préstamos | Signatura topográfica completa | Código de barras | Visto por última vez | Precio de reemplazo | Tipo de ítem Koha |
|---|---|---|---|---|---|---|---|---|---|---|---|---|---|---|
| Clasificación Decimal Dewey | Biblioteca LadoV | Biblioteca LadoV | 28/10/2022 | 001966 | 700.74 SZ997m | 001966 | 28/10/2022 | 28/10/2022 | Libros |
